000 00916nac a22002411u 4500
010 _a 2003054166
020 _a0071421394
082 0 0 _a629.1325243
_bCRA
090 _c5763
_d5763
100 _aCraig, Paul A.
245 1 0 _aMultiengine flying /
_cPaul A. Craig.
250 _a3rd ed.
260 _aNew York :
_bMcGraw-Hill,c2004.
_cc2004.
300 _axv, 381 p. :
_bill. ;
_c24 cm.
500 _aIncludes index.
500 _aDistributer : Al-Ahram.
511 _aCatalogued By : Mahitab.
650 0 _aMultiengine flying.
856 4 2 _3Contributor biographical information
_uhttp://www.loc.gov/catdir/bios/mh042/2003054166.html
856 4 2 _3Table of contents
_uhttp://www.loc.gov/catdir/toc/mh031/2003054166.html
942 _cBB
_k629.1325243CRA
999 _c5763
_d5763